南昌地铁所有站点大挑战 - Statistics

General Stats
  • This quiz has been taken 16 times
    2 since last reset
  • The average score is 31 of 122
Answer Stats
车站编号 站名 % Correct
1|16 | 2|17 地铁大厦
100%
1|17 秋水广场
100%
1|18 滕王阁
100%
1|19 万寿宫
100%
1|20 | 3|14 八一馆
100%
1|21 | 2|23 八一广场
100%
1|28 艾溪湖西
100%
1|29 艾溪湖东
100%
1|31 奥体中心
100%
1|32 瑶湖西
100%
1|33 瑶湖东
100%
2|09 南昌西站
100%
2|26 南昌火车站
100%
2|37 南昌东站
100%
1|01 昌北机场
50%
1|09 双港
50%
1|10 孔目湖
50%
1|12 珠江路
50%
1|13 庐山南大道
50%
1|14 绿茵路
50%
1|15 卫东
50%
1|22 | 4|20 丁公路北
50%
1|24 彭家桥
50%
1|25 谢家村
50%
1|30 太子殿
50%
1|34 麻丘
50%
2|04 九龙湖南
50%
2|12 卧龙山
50%
2|16 翠苑路
50%
2|18 雅苑路
50%
2|21 | 3|16 青山路口
50%
2|24 永叔路
50%
3|07 八大山人
50%
3|12 | 4|17 绳金塔
50%
3|18 青山湖西
50%
4|10 新洪城大市场
50%
4|18 坛子口
50%
4|29 鱼尾洲
50%
1|02 汇贤大道
0%
1|03 建业大道
0%
1|04 定子山
0%
1|05 冠山
0%
1|06 南齿
0%
1|07 方志敏大道
0%
1|08 蛟桥
0%
1|11 长江路
0%
1|23 师大南路
0%
1|26 青山湖大道
0%
1|27 高新大道
0%
2|01 南路
0%
2|02 南昌中学
0%
2|03 生米
0%
2|05 市民中心
0%
2|06 鹰潭街
0%
2|07 国博
0%
2|08 | 4|06 西站南广场
0%
2|10 龙岗
0%
2|11 国体中心
0%
2|13 岭北
0%
2|14 前湖大道
0%
2|15 学府大道东
0%
2|19 红谷中大道
0%
2|20 阳明公园
0%
2|22 福州路
0%
2|25 | 4|19 丁公路南
0%
2|27 顺外
0%
2|28 辛家庵
0%
2|29 楞上
0%
2|30 北罗
0%
2|31 李巷
0%
2|32 沈桥
0%
2|33 观田
0%
2|34 罗家集
0%
2|35 枫下
0%
2|36 国展中心
0%
3|01 银三角北
0%
3|02 斗门
0%
3|03 柏岗
0%
3|04 沥山
0%
3|05 复兴大道东
0%
3|06 邓埠
0%
3|08 施尧
0%
3|09 江铃
0%
3|10 京家山
0%
3|11 十字街
0%
3|13 六眼井
0%
3|15 墩子塘
0%
3|17 | 4|22 上沙沟
0%
3|19 国威路
0%
3|20 火炬广场
0%
3|21 梁万
0%
3|22 京东大道
0%
4|01 白马山
0%
4|02 裕丰街
0%
4|03 璜溪
0%
4|04 中堡
0%
4|05 礼庄山
0%
4|07 怀玉山大道
0%
4|08 安丰
0%
4|09 东新
0%
4|11 丁家洲
0%
4|12 观洲
0%
4|13 云天路
0%
4|14 灌婴路
0%
4|15 南昌大桥东
0%
4|16 桃苑
0%
4|21 人民公园
0%
4|23 起凤路
0%
4|24 七里
0%
4|25 民园路西
0%
4|26 火炬
0%
4|27 北沥
0%
4|28 科技城
0%
No matching quizzes found
Score Distribution
Percent of People with Each Score
Percentile by Number Answered
Your Score History
You have not taken this quiz since the last reset